Principles and practice of bacteriology
Guardat en:
| Autors principals: | , |
|---|---|
| Format: | Llibre |
| Idioma: | anglès |
| Publicat: |
Nueva York
Barnes-Noble
1938
|
| Col·lecció: | College outlines series
|
| Matèries: | |
| Etiquetes: |
Afegir etiqueta
Sense etiquetes, Sigues el primer a etiquetar aquest registre!
|
MARC
| LEADER | 00000nam a2200000 a 4500 | ||
|---|---|---|---|
| 001 | UCX9236 | ||
| 003 | CL-VaPUC | ||
| 008 | 940524e19380000US |||||||||||||||||eng|d | ||
| 082 | 0 | 4 | |a 589.9 |b BRY |2 21 |
| 100 | 0 | |a Bryan, Arthur H |e author |9 326611 | |
| 700 | 0 | |a Bryan, Charles |e author |9 326612 | |
| 245 | 1 | 0 | |a Principles and practice of bacteriology |
| 300 | |a 267 p | ||
| 942 | |c BK | ||
| 945 | |d 19940524 00:00:00 |a mfernand | ||
| 260 | |a Nueva York |b Barnes-Noble |c 1938 | ||
| 650 | 0 | |a Bacteriología |9 259330 | |
| 650 | 7 | |a BACTERIOLOGIA MEDICA |2 CL-VaPUC |9 326613 | |
| 650 | 0 | |a Microbiología médica |9 326614 | |
| 583 | |a last modification |c 19940524 00:00:00 |k Rodrigo Vera | ||
| 490 | 0 | |a College outlines series | |
| 999 | |c 228536 |d 228534 | ||
| 952 | |0 0 |1 0 |4 0 |6 589_900000000000000_BRY_1938 |7 0 |8 A |9 228719 |a BIBALI |b BIBALI |c GEN |d 2019-11-15 |i 2977850 |o 589.9 BRY 1938 |p 2977850 |r 2025-01-20 |w 2019-11-15 |y BK |k ALI | ||